| 000 | 01339nam a2200229 a 4500 | ||
|---|---|---|---|
| 005 | 20210223130523.0 | ||
| 008 | 080619s1985 mx r 000 0 spa d | ||
| 035 | _aUPN01000157106 | ||
| 049 | _aUNE | ||
| 080 | _a37.014. 22 (7/8) 1985RED No.2 | ||
| 111 | 2 |
_aReunión de la Red Regional para la Capacitación, la Innovación y la Investigación en los Campos de la Planificación y la Administración de la Educación Básica y de los Programas de Alfabetización _d(1985 : _cPanamá) |
|
| 245 | 1 | 0 | _aRed regional para la capacitación, la innovación y la investigación en los campos de la planificación y la administración de la educaciónbásica de los programas de alfabetización. |
| 260 |
_aSantiago de Chile : _bOREALC, _c1985. |
||
| 300 | _a25 p. | ||
| 440 | 0 |
_aREPLAD. _pDocumento de trabajo ; _v2 |
|
| 690 | _aProgramas de alfabetizacion - América Latina | ||
| 690 | _aPlanificacion de la educacion - Proyectos educacionales | ||
| 690 | _aAmérica Latina - Programas de alfabetizacion | ||
| 710 | 2 |
_aOficina Regional de Educación de la UNESCO para América Latina y el Caribe _929723 |
|
| 710 | 2 |
_aREPLAD. _bRed Regional para la Capacitación, la Innovación y la Investigación en los Campos de la Planificación y la Administración de la Educación Básica y de los Programas de Alfabetización |
|
| 905 | _aUNESCO | ||
| 999 |
_c129220 _d129220 |
||